CUSTOMS AND TRADE RELATED INTERNATIONAL DOCUMENTS (Record no. 22125)

000 -LEADER
fixed length control field 00381nam a22001457a 4500
003 - CONTROL NUMBER IDENTIFIER
control field LRUA
005 - DATE AND TIME OF LATEST TRANSACTION
control field 20231106220731.0
008 - FIXED-LENGTH DATA ELEMENTS--GENERAL INFORMATION
fixed length control field 231106b xxu||||| |||| 00| 0 eng d
040 ## - CATALOGING SOURCE
Transcribing agency DLC
082 ## - DEWEY DECIMAL CLASSIFICATION NUMBER
Edition number JUN CUS 2001 C073 Or.
245 ## - TITLE STATEMENT
Title CUSTOMS AND TRADE RELATED INTERNATIONAL DOCUMENTS
260 ## - PUBLICATION, DISTRIBUTION, ETC. (IMPRINT)
Place of publication, distribution, etc. JUNE
Name of publisher, distributor, etc. CUSTOMS AND EXCISE DEPATMENT
Date of publication, distribution, etc. 2001
300 ## - PHYSICAL DESCRIPTION
Extent 358P
942 ## - ADDED ENTRY ELEMENTS (KOHA)
Source of classification or shelving scheme
Koha item type សៀវភៅភាសាអង់គ្លេស
Holdings
Price effective from Date last seen Permanent Location Not for loan Date acquired Source of classification or shelving scheme Koha item type Barcode Lost status Damaged status Shelving location Withdrawn status Current Location Full call number
2023-11-062023-11-06Library Block C 2023-11-06 សៀវភៅភាសាអង់គ្លេសa24558  C073 Library Block CJUN CUS 2001 C073 Or.
2023-11-062023-11-06Library Block C 2023-11-06 សៀវភៅភាសាអង់គ្លេសa26575  C073 Library Block CJUN CUS 2001 C073 Or.
2023-11-062023-11-06Library Block C 2023-11-06 សៀវភៅភាសាអង់គ្លេសa26762  C073 Library Block CJUN CUS 2001 C073 Or.
2023-11-062023-11-06Library Block C 2023-11-06 សៀវភៅភាសាអង់គ្លេសa26632  C073 Library Block CJUN CUS 2001 C073 Or.
2023-11-062023-11-06Library Block C 2023-11-06 សៀវភៅភាសាអង់គ្លេសa26413  C073 Library Block CJUN CUS 2001 C073 Or.
មជ្ឈមណ្ឌលឯការនៃសាកលវិទ្យាល័យភូមិន្ទកសិកម្មចំការដូង

Powered by Koha